Quizzes
Events
Quiz Creation
Community
Videos
Private Events
Remove Ads
Sign In
Join for FREE
Feedback
Dark Mode
Quiz Categories
Sports
Geography
Music
Movies
Television
Just For Fun
Miscellaneous
History
Literature
Language
Science
Gaming
Entertainment
Religion
Holiday
For Kids
Quiz Lab
Recent
Popular Today
Quiz Kudos Today
Editor Picks
Curator Picks
Quizzes by...
Day
Popularity
Type
Ratings
Length
Year
Community
Subscriptions
Recent Discussions
Orange Saloon
Badges
Playlists
Quests
Create
Leaderboards
Showdown
Live 5
Trivia Bingo
Activity
Puzzle Library
Sporcle Events
Private Events
Virtual Trivia
Globe League
Become a Host
Pub Owners
SporcleCon
Opinionation
Our Games
Videos
Blog
Mobile Apps
Partnerships
Remove Ads and Go Orange
Feedback
Science
Computer
Plants
Astronomy
Chemistry
Elements
Math
Animal
Physics
Anatomy
Biology
Geology
General Science
Science
Computer
Plants
Astronomy
Chemistry
Elements
Math
Animal
Physics
Anatomy
Biology
Geology
General Science
Random Quiz
Search Sporcle
×
Quiz Lab
Quiz Lab
Science
burke
Type in answers that appear in a list
Type in answers that appear in a list
Classic
Best Score? Go Orange.
Arleigh Burke Characteristics Stats
Can you name the Arleigh Burke Characteristics?
By
adambrobson
5m
22 Questions
5 Plays
5 Plays
5 Plays
Comments
Comments
Give Quiz Kudos
Give Quiz Kudos
-
- Ratings
hide this ad
Forced Order
Answers have to be entered in order
Answers have to be entered in order
Random Order
Randomize order of answers
Randomize order of answers
Replay
Link that replays current quiz
Next Quiz
Link to next quiz in quiz playlist
You Got
0%
They Got
Avg Score
28%
Avg Friend Score
Upgrade to see
Score Distribution
Jump to the score distribution portion of the page
Score
0/22
Timer
05:00
0
Plays Today
Hint
Answer
% Correct
DDG 51-
71
Flight I
80%
DDG 79-
113 +6 VLS, +MFTA, -
SQR 19, Added helo hangars
Flight IIa
60%
3D Air Seach Radar S-
Band
SPY-1D
60%
Seduces anti-
ship missiles away for a soft kill
Nulka
60%
DDG 72-
78 improved gun systems
Flight II
40%
Surface Search Radar, 2D, short range, navigation and limited low-
flyer detection and tracking
SPS-67
40%
Data Links
Link 11, Link 16 and CEC
40%
A torpedo Decoy
SLQ-25 Nixie
40%
Controls target illumination for terminal guidance of missiles
Mk-99 Illuminators
40%
For shore bombardment and against surface ships
MK-45 5'
40%
Primary Mission
Anti-air warfare
20%
Hint
Answer
% Correct
Secondary Mission
Anti-submarine, anti-surface, strike warfare
20%
Surface Search Radar, 2D, short range, navigation and improved signal processing for auto target detection
SPS-73
20%
Electronic Warfare Sensor
SLQ-32 (V2
20%
Super Rapid Bloom Offboard Countermeasures Chaff and Decoy Launching System. Can be Chaff or infared
MK-36 SRBOC
20%
8 available anti-
ship missile
RGM-84 Harpoon missile
20%
Surface ship sonar, can be active or passive
SQS-53
0%
Tactical Towed Arry for very long range passive detection of submarines
SQR-19 Tactas
0%
Anti-
swarm tactics, can engage 1.2 nm out
MK-38 25mm Mod 2
0%
Last line of defense against anti-
ship missiles. 4500 rpm
Mk-15 CIWS
0%
2 available, capable of shooting MK46/
54
MK-32 Triple Torpedo tubes
0%
0%
Quiz Playlist
Details
Report
Send in Message
Add To Playlist
Classic:
Type in answers that appear in a list
Forced Order:
Answers have to be entered in order
Random Order:
Randomize order of answers
Last Updated: Feb 16, 2017
Quiz Scoreboard
CHALLENGE
Sign Up to Join the Scoreboard
Show All
Scores
Hide
Comments
May contain spoilers
Recently Published
Presidents Visiting Landmarks
by Hejman
History
7m
An Introduction to Baseball
by treessimontrees
Sports
5m
Movies - When Are They Set?
by FPL_Elf
Movies
5m
More to Explore
Quiz From the Vault
Featured Blog Post
Where Did the Easter Bunny Come From?
hide this ad
You Might Also Like...
Tags
burke
Today's Top Quizzes in Science
Browse Science
hide this ad
Top Contributed Quizzes in Science
1
Quick Pick: Radians
2
Name the Acid, Base or Salt
3
Quick Pick: 'CI-CJ' Animals
4
Elements In Images
5
One Thing in Common: Science
6
One Thing in Common: Animals
7
One Thing in Common: Science III
8
1 to 50
9
One Thing in Common: Science II
10
Order Up: Organs and Body Systems
Explore More
Trending Topics
Disney
NBA
Anime
Crossword
Harry Potter
Kpop
Marvel
Puzzle
WWE
Country
The Office
Song
Soccer
NFL
Pokémon
hide this ad
More By:
adambrobson
Quiz
Plays
Rating
Category
Featured
Created
Arleigh Burke Characteristics
5
Science
Aug 6, 2016
Go to Creator's Profile
Score Distribution
Quiz Creator Spotlight
adambrobson
Follow
Send a Message
Quizzes Created
-
Created Quiz Play Count
-
More By This Creator
Popular Quizzes Today
1
Find the US States - No Outlines Minefield
2
Find the Countries of Europe - No Outlines Minefield
3
The Countries of the World
4
Find the US States
5
Popular People in 1961
6
US States
7
Risky Map Clicking: Biggest States A-Z
8
Movies - When Are They Set?
More Science Quizzes
Information Technology Bunker
Curator's Pick
Trending Quizzes
Risky Map Clicking: Least Populous States A-Z
1-10 Letter G Words
1-10 Letter F Words
Risky Map Clicking: Next State Alphabetically
Risky Map Clicking: Biggest States A-Z
Recently Updated
Leaping Animals
pecheneg
Reality TV Shows (A-Z)
bhenderson79
Rickey Henderson's Hall of Fame Teammates
pecheneg
Champions League XIs: Arsenal
pecheneg
Quick Pick: Celebrities in WWE's Hall of Fame
aduchscher
A-Z Keypad Blitz II
pecheneg
Multiple Oscar Actors
pecheneg
Mystery Phrase Blitz: Oscar 'Best Actors'
pecheneg
F. Scott Fitzgerald Novels
LTH
Pick 3 Villains
ddd62291
Trending Topics
Disney
Harry Potter
Anime
Marvel
Kpop
NBA
Crossword
Song
Pokémon
Country
Soccer
WWE
Puzzle
The Office
NFL
Your Account Isn't Verified!
In order to create a playlist on Sporcle, you need to verify the email address you used during registration. Go to your
Sporcle Settings
to finish the process.
Report this User
Report this user for behavior that violates our
Community Guidelines
.
Details:
Send Report
Go to the Sporcle.com Mobile Site →
Comments